LIBRARY & INFORMATION CENTRE, KCAET, TAVANUR

ONLINE PUBLIC ACCESS CATALOGUE (OPAC)

Development of shelf stable jackfruit variety by thermal processing in report pouch (Record no. 14783)

MARC details
000 -LEADER
fixed length control field 00700nam a22001937a 4500
003 - CONTROL NUMBER IDENTIFIER
control field OSt
088 ## - REPORT NUMBER
Report number 341
100 ## - MAIN ENTRY--AUTHOR NAME
Personal name Nitha,N
245 ## - TITLE STATEMENT
Title Development of shelf stable jackfruit variety by thermal processing in report pouch
260 ## - PUBLICATION, DISTRIBUTION, ETC. (IMPRINT)
Place of publication Tavanur
Name of publisher Department of FAPE
500 ## - GENERAL NOTE
General note Development of shelf stable jackfruit variety by thermal processing in report pouch
520 ## - SUMMARY, ETC.
Summary, etc Development of shelf stable jackfruit variety by thermal processing in report pouch
700 ## - ADDED ENTRY--PERSONAL NAME
Personal name Sanuraj S
700 ## - ADDED ENTRY--PERSONAL NAME
Personal name Shabari Sreenivas
700 ## - ADDED ENTRY--PERSONAL NAME
Personal name Taruna Varghese
856 ## - ELECTRONIC LOCATION AND ACCESS
Uniform Resource Identifier https://drive.google.com/open?id=1HV1_BzY-CLFn47MpB1eOmfRQvZIU7EjN
942 ## - ADDED ENTRY ELEMENTS (KOHA)
Koha item type Project Report
Holdings
Collection code Home library Current library Shelving location Accession Number Koha item type
Reference KAUAET KAUAET Reference P 341 Project Report
free website counter